Building after Auschwitz : (Record no. 22680)

000 -LEADER
fixed length control field 02281cam a2200325 a 4500
001 - CONTROL NUMBER
control field 16676747
003 - CONTROL NUMBER IDENTIFIER
control field OSt
005 - DATE AND TIME OF LATEST TRANSACTION
control field 20170124150250.0
008 - FIXED-LENGTH DATA ELEMENTS--GENERAL INFORMATION
fixed length control field 110303s2011 ctua b 001 0 eng
010 ## - LIBRARY OF CONGRESS CONTROL NUMBER
LC control number 2011009738
020 ## - INTERNATIONAL STANDARD BOOK NUMBER
International Standard Book Number 9780300169140 (cloth : alk. paper)
040 ## - CATALOGING SOURCE
Original cataloging agency DLC
Transcribing agency DLC
Modifying agency DLC
042 ## - AUTHENTICATION CODE
Authentication code pcc
050 00 - LIBRARY OF CONGRESS CALL NUMBER
Classification number NA680
Item number .R655 2011
082 00 - DEWEY DECIMAL CLASSIFICATION NUMBER
Classification number 724/.6089924
Edition number 22
100 1# - MAIN ENTRY--PERSONAL NAME
Personal name Rosenfeld, Gavriel David,
Dates associated with a name 1967-
245 10 - TITLE STATEMENT
Title Building after Auschwitz :
Remainder of title Jewish architecture and the memory of the Holocaust /
Statement of responsibility, etc. Gavriel D. Rosenfeld.
246 30 - VARYING FORM OF TITLE
Title proper/short title Jewish architecture and memory after the Holocaust
260 ## - PUBLICATION, DISTRIBUTION, ETC. (IMPRINT)
Place of publication, distribution, etc. New Haven [Conn.] ;
-- London :
Name of publisher, distributor, etc. Yale University Press,
Date of publication, distribution, etc. 2011.
300 ## - PHYSICAL DESCRIPTION
Extent ix, 438 p. :
Other physical details ill. (some col.) ;
Dimensions 27 cm.
504 ## - BIBLIOGRAPHY, ETC. NOTE
Bibliography, etc Includes bibliographical references (p. 357-415) and index.
505 0# - FORMATTED CONTENTS NOTE
Formatted contents note Introduction -- Jewish architecture before the Holocaust. From the wilderness to World War II: a brief history of Jewish architecture -- After the Holocaust: Jewish architecture in the era of Modernism. Adorno's echoes: the Holocaust's cultural legacy at mid-century -- American synagogue architecture and the missing Holocaust -- Synagogues in Germany: between forgetting and remembrance -- Jewish architects and secular Jewish architecture -- Toward a more Jewish modernism: Louis L. Kahn -- Jewish architecture in the postmodern era. Postmodernism, post-Holocaust culture, and architectural discourse -- The Deconstructivists: Eisenman, Libeskind, and Gehry -- Jewish architects between alienation and assimilation -- Holocaust museums: a new form of Jewish architecture -- Jewish architecture between nightmare, nostalgia, and normalcy.
650 #0 - SUBJECT ADDED ENTRY--TOPICAL TERM
Topical term or geographic name as entry element Architecture, Modern
Chronological subdivision 20th century.
650 #0 - SUBJECT ADDED ENTRY--TOPICAL TERM
Topical term or geographic name as entry element Architecture, Modern
Chronological subdivision 21st century.
650 #0 - SUBJECT ADDED ENTRY--TOPICAL TERM
Topical term or geographic name as entry element Holocaust, Jewish (1939-1945), and architecture.
650 #0 - SUBJECT ADDED ENTRY--TOPICAL TERM
Topical term or geographic name as entry element Judaism and architecture.
650 #0 - SUBJECT ADDED ENTRY--TOPICAL TERM
Topical term or geographic name as entry element Jews
General subdivision Identity.
906 ## - LOCAL DATA ELEMENT F, LDF (RLIN)
a 7
b cbc
c orignew
d 1
e ecip
f 20
g y-gencatlg
942 ## - ADDED ENTRY ELEMENTS (KOHA)
Source of classification or shelving scheme
Koha item type Hard Covered Materials
Classification part NA 680 .R655 2011
Holdings
Withdrawn status Lost status Source of classification or shelving scheme Damaged status Not for loan Home library Current library Shelving location Date acquired Source of acquisition Total Checkouts Full call number Barcode Date last seen Price effective from Koha item type
          MACHAKOS UNIVERSITY LIBRARY MACHAKOS UNIVERSITY LIBRARY Open shelf 24/01/2017 Donation(B.F.A)   NA 680 .R655 2011 32082 24/01/2017 24/01/2017 Hard Covered Materials
© Machakos University Library, Along The Highway, Machakos Wote Rd, Machakos, Kenya P.O. Box 136 - 90100 Machakos - Kenya

Tel: ( +254 ) 723 805829 OR Fax : 044-20353 OR Email: library@mksu.ac.ke